Opening doors : (Record no. 6956)
[ view plain ]
| 000 -LEADER | |
|---|---|
| fixed length control field | 00792nam a22002777a 4500 |
| 003 - CONTROL NUMBER IDENTIFIER | |
| control field | OSt |
| 005 - DATE AND TIME OF LATEST TRANSACTION | |
| control field | 20140310181920.0 |
| 008 - FIXED-LENGTH DATA ELEMENTS--GENERAL INFORMATION | |
| fixed length control field | 130718t xxu||||| |||| 00| 0 eng d |
| 020 ## - INTERNATIONAL STANDARD BOOK NUMBER | |
| International Standard Book Number | 9781589865587 |
| 050 ## - LIBRARY OF CONGRESS CALL NUMBER | |
| Classification number | PE 1128 |
| Item number | .V467 2008 |
| 082 ## - DEWEY DECIMAL CLASSIFICATION NUMBER | |
| Classification number | TR 428.4076 |
| Item number | V56 2003 |
| 100 ## - MAIN ENTRY--PERSONAL NAME | |
| Personal name | Ventriglia, Linda |
| 9 (RLIN) | 1548 |
| 245 ## - TITLE STATEMENT | |
| Title | Opening doors : |
| Remainder of title | reading and writing activity book. Level 5 / |
| Statement of responsibility, etc | Linda Ventriglia. |
| 260 ## - PUBLICATION, DISTRIBUTION, ETC. (IMPRINT) | |
| Place of publication, distribution, etc | Miami : |
| Name of publisher, distributor, etc | Santillan, U.S.A, |
| Date of publication, distribution, etc | c2003. |
| 300 ## - PHYSICAL DESCRIPTION | |
| Extent | 283 p. : |
| Other physical details | ill. map. ; |
| Dimensions | 28 cm. |
| 521 ## - TARGET AUDIENCE NOTE | |
| Target audience note | |
| 541 ## - IMMEDIATE SOURCE OF ACQUISITION NOTE | |
| -- | 1 |
| 541 ## - IMMEDIATE SOURCE OF ACQUISITION NOTE | |
| -- | 2 |
| 541 ## - IMMEDIATE SOURCE OF ACQUISITION NOTE | |
| -- | 3 |
| 541 ## - IMMEDIATE SOURCE OF ACQUISITION NOTE | |
| -- | 4 |
| 541 ## - IMMEDIATE SOURCE OF ACQUISITION NOTE | |
| -- | 5 |
| 562 ## - COPY AND VERSION IDENTIFICATION NOTE | |
| Number of copies | 5 |
| 650 ## - SUBJECT ADDED ENTRY--TOPICAL TERM | |
| Topical term or geographic name as entry element | Reading Comprehension. |
| 9 (RLIN) | 234 |
| 651 ## - SUBJECT ADDED ENTRY--GEOGRAPHIC NAME | |
| Geographic name | Writing |
| General subdivision | Study and teaching. |
| 9 (RLIN) | 1549 |
| 942 ## - ADDED ENTRY ELEMENTS (KOHA) | |
| Source of classification or shelving scheme | Library of Congress Classification |
| Koha item type | |
| Call number prefix | |
| Withdrawn status | Lost status | Source of classification or shelving scheme | Damaged status | Home library | Current library | Shelving location | Date acquired | Total Checkouts | Full call number | Barcode | Date last seen | Copy number | Price effective from | Koha item type | Source of acquisition | Public note |
|---|---|---|---|---|---|---|---|---|---|---|---|---|---|---|---|---|
| Library of Congress Classification | Luxembourg Library | Luxembourg Library | Teachers Reference Section | 07/18/2013 | PE 1128 .V467 2008 | 12659 | 08/13/2013 | 1 | 07/18/2013 | Books | ||||||
| Library of Congress Classification | Luxembourg Library | Luxembourg Library | Teachers Reference Section | 07/18/2013 | PE 1128 .V467 2008 | 12746 | 08/13/2013 | 2 | 07/18/2013 | Books | ||||||
| Withdrawn | Library of Congress Classification | Luxembourg Library | Luxembourg Library | Teachers Reference Section | 07/18/2013 | PE 1128 .V467 2008 | 12747 | 08/13/2013 | 3 | 07/18/2013 | Books | Donation | lost and replaced | |||
| Library of Congress Classification | Luxembourg Library | Luxembourg Library | Teachers Reference Section | 07/18/2013 | PE 1128 .V467 2008 | 12748 | 08/13/2013 | 4 | 07/18/2013 | Books | ||||||
| Library of Congress Classification | Luxembourg Library | Luxembourg Library | Teachers Reference Section | 07/18/2013 | PE 1128 .V467 2008 | 12749 | 08/13/2013 | 5 | 07/18/2013 | Books |